| 000 | 00416nam a2200181Ia 4500 | ||
|---|---|---|---|
| 008 | 230512s2011 xx 000 0 und d | ||
| 041 | _aeng | ||
| 082 | _a5.73 | ||
| 100 | _aNAIR A/MAHALEKSHMI T | ||
| 245 | _aDATA STRUCTRES IN C | ||
| 250 | _a1 | ||
| 260 |
_bPHI LEARNING PVT. LTD. NEW DELHI _c2011 |
||
| 300 | _a281 | ||
| 365 | _b225 | ||
| 500 | _aPaper Back | ||
| 520 | _aText Book | ||
| 650 | _aComputer | ||
| 999 |
_c415987 _d415987 |
||